[Event "27th CRO-chT 1B-Men 2018"]
[Site "Biograd"]
[Date "2018.09.16"]
[Round "2.10"]
[White "Plenca, Julijan"]
[Black "Doric, Nenad"]
[Result "1-0"]
[WhiteElo "2417"]
[BlackElo "2249"]
[Annotator "TA"]
[PlyCount "81"]
[EventDate "2018.09.15"]
[EventType "team-tourn"]
[EventCountry "CRO"]
[SourceTitle "playchess.com"]
[Source "ChessBase"]
[SourceQuality "1"]

{[%evp 21,81,18,18,13,12,5,8,10,15,14,17,22,16,-1,8,-10,-8,-56,-36,-56,-65,-66,-56,-60,-70,-78,-33,-42,39,39,39,39,39,39,39,39,38,40,40,45,11,45,115,117,177,158,142,146,137,119,92,82,727,718,1171,1171,1171,1130,29970,29968,29975,29977]} 1. e4 e5 2. Nf3 Nf6 3. Nxe5 d6 4. Nf3 Nxe4 5. Bd3 Nf6 6. O-O Be7 7. h3 O-O 8. c3 {C42: Petroff Defence: 3 Nxe5 and unusual White 3rd moves} Nbd7 9. Bc2 b6 10. d4 Bb7 11. Re1 Re8 {LiveBook: 17 Games} 12. Bf4 Bf8 13. Nbd2 Rxe1+ 14. Qxe1 Qe7 15. Qf1 Re8 {[#]} 16. c4 $146 Qd8 17. d5 b5 18. cxb5 Nxd5 19. Bg3 Qf6 20. Qb1 g6 21. Ne4 Qd8 22. Bb3 Bg7 23. Bh4 Qa8 24. Qc2 $1 Ne5 (24... N5b6 $15 25. Neg5 Bd5) 25. Nxe5 $14 Rxe5 26. f3 Qe8 27. Bxd5 Bxd5 28. Nf6+ Bxf6 $1 29. Bxf6 Re1+ 30. Rxe1 Qxe1+ 31. Kh2 Qe6 ({Better is} 31... Qe3 $14 32. Bh4 Qf4+ 33. Bg3 Qc4 34. Qxc4 Bxc4) 32. Bd4 $36 {[%mdl 2048] Black is under strong pressure.} Bc4 (32... Qf5 $16 {might work better.} 33. Qxf5 gxf5) 33. b3 Bxb5 34. Qxc7 a6 35. Qd8+ Be8 36. b4 {aiming for a4.} h5 $2 {[%mdl 8192] [#]} (36... Kf8 $16 37. Bc3 Qd7) 37. a4 $1 $18 {[%cal Ba2a4,Ba4b5,Bb5b6][%mdl 32]} f6 38. b5 axb5 39. axb5 Kf7 40. b6 Qf5 41. Qxd6 {Precision: White = 51%, Black = 42%.} 1-0

[Event "27th CRO-chT 1B-Men 2018"]
[Site "Biograd"]
[Date "2018.09.18"]
[Round "2.11"]
[White "Tomulic, Teo"]
[Black "Bobanac, Miro"]
[Result "1/2-1/2"]
[WhiteElo "2264"]
[BlackElo "2288"]
[Annotator "TA"]
[PlyCount "165"]
[EventDate "2018.09.15"]
[EventType "team-tourn"]
[EventCountry "CRO"]
[SourceTitle "playchess.com"]
[Source "ChessBase"]
[SourceQuality "1"]

{[%evp 13,165,45,42,38,42,35,49,41,48,19,34,33,40,32,47,36,53,0,178,203,177,181,235,133,138,111,201,92,91,55,77,89,93,62,78,27,29,12,12,33,0,22,29,-190,-188,-203,-200,-205,-144,-183,-176,-203,-194,-203,-166,-181,-182,-187,-145,-189,-166,-183,-184,-160,-130,-133,-141,-202,-225,-304,-314,-264,-232,-337,-343,-396,-317,-360,-379,-781,-374,-366,-363,-359,-352,-432,-250,-277,-277,-260,-223,-343,-339,-322,-268,-268,-253,-252,-243,-249,-166,-233,-162,-143,-147,-145,-143,-138,-82,-81,-82,-254,-77,-128,-100,-320,-314,-294,-290,-613,-572,-484,-481,-469,-441,-29966,-29967,-29970,-29968,-29968,-29969,-11569,-78,-78,-78,-78,-78,-78,-77,-78,-78,-82,-82,-82,-82,-82,-82,-82,-82,-82,-77,-77,-8,-8]} 1. e4 c5 2. Nf3 e6 3. d4 cxd4 4. Nxd4 a6 5. Bd3 Qc7 6. O-O Nc6 7. Nxc6 dxc6 8. Be3 {B42: Sicilian: Kan Variation: 5 Bd3} Nf6 9. f4 e5 10. f5 {White is slightly better.} b5 11. c4 (11. a4 Bb7 12. Nd2 Be7 13. Qe2 O-O 14. c4 Rfd8 15. Bc2 Nd7 16. Qf2 {½-½ (67) Najer,E (2647)-Hayrapetyan,H (2500) Moscow 2013}) 11... Bb7 12. Nd2 Rd8 13. Qe2 Qd6 $146 ({Predecessor:} 13... Ng4 14. Rf3 Nxe3 15. Qxe3 Bd6 16. c5 {1-0 (36) Caruso,A (2219)-Rossi,G (2020) Padova 1999}) 14. Bc2 Qb4 15. Nb3 ({White should play} 15. a3 $1 $14 Qxb2 16. Nb3) 15... Nd7 $2 (15... bxc4 $11 {and Black stays safe.} 16. Bd2 Qb5) 16. c5 Qc4 17. Bd3 Qa4 (17... Qb4 $142) 18. Kh1 ({White has to play} 18. Rfc1 $1 $18) 18... Be7 $16 19. Rfc1 h6 (19... Nf6 $16 {was necessary.}) 20. Bd2 (20. Qe1 $18 {Threatens to win with Na5.} Bg5 21. Bxg5 hxg5 22. Bc2) 20... Bg5 21. Na5 Bxd2 22. Qxd2 Ba8 23. b4 Qa3 $1 24. Nb3 (24. Rab1 $16 Nxc5 25. Rxc5 Qxd3 26. Rxe5+ Kf8 27. Qxd3 Rxd3 28. Nb3) 24... Nf6 25. Qc3 O-O 26. Rc2 Rd7 27. Re1 Rfd8 28. Be2 $2 (28. Bf1 $1 $11) 28... Nxe4 $19 29. Qxe5 Qxb4 30. Rf1 Nf6 31. Bf3 a5 $1 32. Nc1 Re8 33. Qg3 a4 34. Ne2 Qa3 $40 {[%mdl 128] White is in trouble.} 35. Nf4 b4 36. Rb1 Rde7 37. h3 Re3 38. Qf2 b3 39. axb3 axb3 40. Rcc1 (40. Re2 $17 Rxe2 41. Nxe2) 40... Qb4 41. Nh5 Nxh5 42. Bxh5 Qe4 43. Rd1 (43. f6 $142 g6 44. Bf3) 43... Bb7 {[%cal Ba8b7,Bb7a6,Ba6c4][%mdl 32]} 44. Kg1 Qe7 45. Rbc1 Ba6 46. Rd6 $2 (46. f6 Qxf6 47. Qxf6 gxf6 48. Rb1) 46... Re1+ (46... Qg5 $142 47. Ra1 Qxh5 48. Rxa6 b2 $1 {[%mdl 512]} 49. Qxb2 Qh4) 47. Rxe1 Qxe1+ 48. Qxe1 Rxe1+ {[%mdl 4096] Endgame KRB-KRB} 49. Kh2 {Strongly threatening Rd8+.} Bc4 (49... b2 50. Rd8+ Kh7 51. Bxf7 $17) (49... Kf8 $142 50. Rd1 Rxd1 51. Bxd1 Bc4) 50. Rd8+ Kh7 51. Rb8 Rc1 52. Bf3 (52. h4 $142) 52... Bb5 53. Bh5 g6 ({Weaker is} 53... Rxc5 54. Bxf7 Rxf5 55. Bxb3 $17) 54. fxg6+ fxg6 55. Rb7+ Kh8 56. Bxg6 b2 57. h4 (57. Rd7 {was called for.}) 57... b1=Q 58. Rh7+ Kg8 59. Bxb1 Rxb1 60. Rxh6 $17 {[#] KRB-KR} Rc1 ({Better is} 60... Kg7 $1 {[%cal Rg7h6]} 61. Re6 Kf7) 61. g4 Rxc5 {Hoping for ...Rd5.} 62. g5 $2 (62. h5 $17) 62... Rc3 $2 (62... Rf5 $19 {has better winning chances. White must now prevent ...Kg7.} 63. Rd6 c5) 63. Rd6 (63. Rg6+ $142 Kf7 64. h5) 63... Be2 64. Kg2 $2 (64. Rh6 $17) 64... c5 $19 {[%cal Bc6c5,Bc5c4,Bc4c3][%mdl 32]} 65. Kf2 Bg4 66. g6 $2 (66. Rg6+ Kf8 67. Rc6) 66... Kg7 67. Rd5 c4 68. Rc5 Rf3+ 69. Ke1 (69. Kg2 $19 Rf4 70. Kg3) 69... c3 70. h5 Rh3 71. Rc7+ Kg8 72. h6 {[#]} Rxh6 $2 (72... Rh1+ $1 $19 {is more deadly.} 73. Kf2 c2 74. h7+ Kh8 75. Rxc2 Rh2+ 76. Kg3 Rxc2 77. Kxg4 Rf2) 73. Rxc3 $17 Rxg6 74. Kd2 Kg7 75. Ke3 Be6 76. Kf4 Kf6 77. Rg3 Rh6 78. Re3 Rh4+ 79. Kg3 Rb4 80. Rc3 Kg5 81. Ra3 Rg4+ 82. Kf2 Bf5 ({Black should try} 82... Rc4 $17) 83. Rg3 {Precision: White = 37%, Black = 65%.} 1/2-1/2

[Event "27th CRO-chT 1B-Men 2018"]
[Site "Biograd"]
[Date "2018.09.16"]
[Round "2.12"]
[White "Brulic, Denis"]
[Black "Safar, Sandro"]
[Result "1-0"]
[WhiteElo "2232"]
[BlackElo "2214"]
[Annotator "NA"]
[PlyCount "73"]
[EventDate "2018.09.15"]
[EventType "team-tourn"]
[EventCountry "CRO"]
[SourceTitle "playchess.com"]
[Source "ChessBase"]
[SourceQuality "1"]
[TimeControl "40/5400+30:1800+30"]

1. e4 {[%emt 0:01:30]} c5 {[%emt 0:00:30]} 2. Nf3 {[%emt 0:00:00]} Nc6 {[%emt 0:00:00]} 3. d4 {[%emt 0:00:00]} cxd4 {[%emt 0:00:00]} 4. Nxd4 {[%emt 0:00:30]} g6 {[%emt 0:00:30]} 5. c4 {[%emt 0:01:30]} Bg7 {[%emt 0:00:00]} 6. Be3 {[%emt 0:00:30]} Nf6 {[%emt 0:00:00]} 7. Nc3 {[%emt 0:00:00]} d6 {[%emt 0:00:30]} 8. Be2 {[%emt 0:00:00]} O-O {[%emt 0:00:00]} 9. O-O {[%emt 0:01:30]} Bd7 {[%emt 0:00:00]} 10. h3 {[%emt 0:04:30]} Nxd4 {[%emt 0:00:30]} 11. Bxd4 {[%emt 0:00:30]} Bc6 {[%emt 0:00:30]} 12. Qc2 {[%emt 0:01:30] B38: Sicilian: Maroczy Bind with 5...Bg7 and 7...0-0} a5 {[%emt 0:02:30]} 13. Rad1 {[%emt 0:03:30]} Nd7 {[%emt 0:00:30]} 14. Bxg7 {[%emt 0:02:30]} Kxg7 {[%emt 0:00:30]} 15. Bg4 {[%emt 0:00:30]} Ne5 {[%emt 0:05:30]} 16. c5 {[%emt 0:03:30]} Qb8 $146 {[%emt 0:07:30]} ({Predecessor:} 16... Nxg4 17. hxg4 Bd7 18. cxd6 Bxg4 19. dxe7 Qxe7 {1-0 (37) Grandelius,N (2655)-Thybo,J (2465) Vaxjo 2017}) 17. cxd6 {[%emt 0:03:30]} exd6 {[%emt 0:00:00]} 18. Rd4 {[%emt 0:04:30]} Rd8 {[%emt 0:04:00]} 19. Rfd1 {[%emt 0:07:30]} b5 {[%emt 0:06:30]} 20. Nd5 {[%emt 0:06:30]} Bxd5 {[%emt 0:23:30]} 21. Rxd5 {[%emt 0:00:30]} Qb6 {[%emt 0:00:30]} 22. Be2 {[%emt 0:06:30]} Rac8 {[%emt 0:06:30]} 23. Qb3 {[%emt 0:03:30]} b4 {[%emt 0:00:30]} 24. a3 {[%emt 0:04:30]} Rb8 {[%emt 0:09:30]} 25. axb4 {[%emt 0:04:30]} Qxb4 {[%emt 0:01:30]} (25... axb4 $16 26. g3 Qc7) 26. Qxb4 {[%emt 0:00:30]} Rxb4 {[%emt 0:00:30] [#]} (26... axb4 $142 27. f4 (27. Rxd6 Rdc8 $16) 27... Nc6 28. Rxd6 Rbc8) 27. Rxe5 $1 {[%emt 0:00:30]} Rxb2 {[%emt 0:01:30]} 28. Bf1 {[%emt 0:02:30]} dxe5 {[%emt 0:12:53]} 29. Rxd8 {[%emt 0:00:00]} Rb4 {[%emt 0:00:11]} 30. f3 {[%emt 0:01:00]} Kf6 {[%emt 0:00:11]} 31. Rd6+ {[%emt 0:00:30]} Kg5 {[%emt 0:01:04]} 32. Rd5 {[%emt 0:01:30]} Ra4 {[%emt 0:05:13]} 33. Rxe5+ {[%emt 0:00:30]} Kf4 {[%emt 0:01:17]} 34. Re7 $18 {[%emt 0:09:30]} f6 {[%emt 0:02:30]} 35. Kf2 {[%emt 0:01:30]} h5 {[%emt 0:00:33]} 36. h4 {[%emt 0:00:30]} Ra2+ {[%emt 0:00:41]} 37. Be2 {[%emt 0:00:30]} 1-0

[Event "27th CRO-chT 1B-Men 2018"]
[Site "Biograd"]
[Date "2018.09.18"]
[Round "2.13"]
[White "Srbis, Jurica"]
[Black "Brkic, Ante"]
[Result "0-1"]
[WhiteElo "2428"]
[BlackElo "2565"]
[Annotator "TA"]
[PlyCount "170"]
[EventDate "2018.09.15"]
[EventType "team-tourn"]
[EventCountry "CRO"]
[SourceTitle "playchess.com"]
[Source "ChessBase"]
[SourceQuality "1"]

{[%evp 11,170,5,5,4,10,0,6,3,14,5,4,-20,-18,-42,-38,-48,-52,-74,-75,-81,-85,-78,-83,-119,-105,-108,-94,-90,-89,-82,-32,-46,-37,-63,-21,-11,-4,-13,0,0,0,-23,-22,-12,-23,-37,-9,-9,-24,-60,-6,-86,0,0,0,0,0,0,0,0,0,0,-11,-36,0,-4,-4,-4,-4,-6,0,0,0,0,0,0,0,0,0,0,0,0,0,0,0,0,0,0,0,-92,0,0,0,-13,-22,-14,-14,-14,-13,-14,-14,-147,-147,-594,-501,-866,-808,-781,-821,-986,-958,-989,-575,-927,-369,-987,-975,-955,-946,-944,-875,-976,-919,-756,-808,-829,-711,-11553,-5896,-11553,-11291,-5608,-4682,-2371,-6432,-7050,-5912,-5700,-5369,-3131,-771,-648,0,-2480,-2181,-1842,-1610,-4810,-29972,-4782,-1740,-29981,-29982,-29975,-29974,-29977,-1685,-6644,-6512,-29989,-29990]} 1. d4 d5 2. Nf3 Nf6 3. c4 e6 4. g3 Bb4+ 5. Bd2 Be7 6. Bg2 {E11: Bogo-Indian} Nbd7 {LiveBook: 86 Games} 7. O-O c6 8. Qc2 {The position is equal.} b6 {[%cal Bb7b6,Bb6b5][%mdl 32]} 9. Bf4 Bb7 10. Rd1 Rc8 11. Qa4 $146 ({Predecessor:} 11. Nc3 dxc4 12. Nd2 Nd5 13. Nxc4 Nxf4 14. gxf4 O-O 15. Rac1 {½-½ (23) Kuzubov,Y (2647)-Vitiugov,N (2730) Linares 2018}) 11... a6 12. Ne5 O-O 13. Nc3 b5 14. Qb3 Nxe5 (14... dxc4 $6 15. Nxc4 $1 {[%mdl 512]} Nb6 16. Nxb6 $11) 15. dxe5 Nd7 {[%cal Bf6d7,Bd7c5,Bc5d3][%mdl 32]} 16. cxd5 cxd5 17. e4 {[%cal Re4d5]} Nc5 18. Qc2 {[%cal Re4d5]} d4 19. Be3 dxe3 20. Rxd8 Rfxd8 21. fxe3 b4 {Strongly threatening ...Nd3.} 22. Ne2 Nd3 (22... Nxe4 $5 23. Qb1 Nd2 $15) 23. Qb3 Nxe5 24. Rd1 Rxd1+ 25. Qxd1 Bc5 $36 {[%mdl 2048] Black is pushing.} 26. h3 Bxe3+ 27. Kh2 Bc5 28. a3 a5 29. axb4 axb4 30. Nf4 g6 (30... h6 $15) 31. b3 (31. Qb3 $11 {remains equal.}) 31... Kf8 (31... h5 $17) 32. Qf1 $1 $11 Ke7 33. Qb5 Rc7 34. Nd3 Nxd3 35. Qxd3 Bd6 {aiming for ...Rc3.} 36. Qb5 {And now e5 would win.} e5 37. h4 h5 38. Qb6 Bc8 {White must now prevent ...Be6.} 39. Qe3 Be6 {Black wants to play ...Rc3.} 40. Bf1 $1 Rc2+ 41. Kh1 Rc3 42. Qg5+ Kd7 43. Bb5+ Kc7 {[#]} 44. Bc4 $1 {[%mdl 512]} Bg4 (44... Bxc4 45. bxc4) 45. Kg2 Bf3+ 46. Kf1 Bxe4 47. Ke1 Rf3 48. Ke2 Bc6 49. Bd3 Kd7 50. Bc4 (50. g4 $11) 50... e4 (50... Rf5 $1 $17 {[%cal Rf5g5]} 51. Qe3 Rf6) 51. Bb5 Rxg3 52. Qd5 Bxb5+ 53. Qxb5+ {[%mdl 4096] Endgame KQ-KRB} Ke7 54. Qb7+ Kf6 55. Qc6 Rd3 56. Kf1 (56. Ke1 $11) 56... Rd4 $1 $17 ({But not} 56... Rxb3 $2 57. Qxd6+ Kg7 58. Qd4+ Kf8 59. Qxe4 $18) 57. Ke2 $2 {[%mdl 8192] [#]} (57. Qb6 $17 {was the crucial defense.} Rd2 58. Qc6) 57... Kg7 $1 $19 58. Ke3 (58. Qe8 $142 Bf4 59. Qc6) 58... Be5 59. Qc2 Bf6 60. Qa2 Rd3+ 61. Kxe4 Rd4+ 62. Kf3 Rxh4 63. Qa4 $2 (63. Kg2) 63... Rd4 64. Qb5 h4 65. Kg2 g5 66. Qf5 Rf4 67. Qd5 g4 68. Qh5 Re4 69. Qf5 Re5 70. Qf2 h3+ 71. Kg3 Rg5 72. Qe3 Rh5 {( -> ...h2)} 73. Qe4 h2 74. Qh1 Rh4 75. Kf4 Kh6 (75... Be7 $142 76. Kg3 Bg5) 76. Qc6 {[#]} Kg7 ({Weaker is} 76... h1=Q 77. Qxf6+ Kh7 78. Qxf7+ Kh6 79. Qf6+ Kh7 80. Qf7+ Kh8 81. Qf8+ Kh7 82. Qf7+ $11) (76... g3+ $142 $1 77. Kxg3 Kg6) 77. Qh1 Be7 78. Qa1+ Kh7 79. Qb1+ Kh6 80. Qh1 Bg5+ (80... Bd6+ $142 81. Ke3 g3) 81. Kf5 g3 82. Qc6+ f6 83. Qc8 Rf4+ 84. Ke6 Kh5 85. Kf7 h1=Q {Precision: White = 45%, Black = 66%.} 0-1

[Event "27th CRO-chT 1B-Men 2018"]
[Site "Biograd"]
[Date "2018.09.16"]
[Round "2.14"]
[White "Kadric, Denis"]
[Black "Ostovic, Matija"]
[Result "1-0"]
[WhiteElo "2543"]
[BlackElo "2390"]
[Annotator "TA"]
[PlyCount "107"]
[EventDate "2018.09.15"]
[EventType "team-tourn"]
[EventCountry "CRO"]
[SourceTitle "playchess.com"]
[Source "ChessBase"]
[SourceQuality "1"]

{[%evp 15,107,43,37,45,85,53,61,70,61,62,112,90,103,117,111,79,82,73,75,84,81,69,83,72,75,63,106,105,113,107,142,130,186,143,237,170,177,177,167,158,173,174,175,158,185,168,204,170,171,147,170,163,235,245,240,227,226,225,253,249,235,226,226,226,226,225,199,167,162,160,804,760,681,464,4132,810,29976,1232,2679,2578,29987,29988,29989,29990,29983,1035,4814,4530,4134,2745,4890,4810,29978,29979]} 1. e4 d6 2. d4 Nf6 3. Nc3 e5 4. Nf3 Nbd7 5. a4 Be7 6. Bc4 O-O 7. O-O exd4 {C41: Philidor Defence} (7... c6 8. Re1 b6 9. h3 a6 10. Ba2 Rb8 11. Be3 b5 12. axb5 axb5 13. b4 Bb7 14. Bb3 exd4 15. Nxd4 d5 16. exd5 Bxb4 17. Bd2 cxd5 18. Ncxb5 Bxd2 19. Qxd2 {½-½ (30) Kryvoruchko,Y (2705)-Laznicka,V (2671) Brest 2018}) 8. Nxd4 Nb6 {LiveBook: 10 Games} 9. Bb3 c5 $146 {White is slightly better.} ({Predecessor:} 9... a5 10. h3 Nfd7 11. Nf5 Bf6 12. Be3 Nc5 13. Bxc5 dxc5 14. Qf3 c4 15. Rad1 {1-0 (53) Lagno,K (2541)-Milliet,S (2377) Monaco 2017}) 10. Ndb5 {[%cal Bd4b5,Bb5a3,Ba3c4,Bc4e5][%mdl 32]} Bg4 11. Qd3 Rc8 {aiming for ...c4.} 12. Na3 Be6 {[#]} 13. Bxe6 $1 fxe6 14. Qh3 Qd7 15. a5 Na8 16. Rd1 Nc7 17. Nc4 Qc6 18. e5 $36 {[%mdl 2048] White has some pressure.} dxe5 ({Wrong is} 18... Ne4 $2 19. Nxe4 Qxe4 20. Nxd6 $18 (20. exd6 Qxc4 21. dxe7 Rfe8 $18)) 19. Nxe5 Qa6 20. Bg5 Rfd8 21. Re1 Ncd5 22. Nxd5 Nxd5 23. Nf3 Bf6 (23... Bxg5 $16 24. Nxg5 Nf6 25. Nxe6 (25. Rxe6 Qxa5 26. Ree1 Re8 $16) 25... Rd7) 24. Rxe6 Qc4 (24... Rc6 $16 25. Re4 b5) 25. c3 Nf4 26. Bxf4 $1 Qxf4 27. Rae1 Rf8 28. Qh5 Qc7 29. a6 b6 30. Nd2 g6 31. Qe2 Qd7 32. Qc4 Kh8 33. Ne4 b5 (33... Be7 $142 34. Re5 Rce8) 34. Nxf6 $18 Rxf6 35. Qe4 Rxe6 36. Qxe6 Qxe6 37. Rxe6 {[%mdl 4096] Endgame KR-KR} Rd8 {[#] ( -> ...Rd1+)} 38. g3 Rd2 39. Re8+ Kg7 40. Re7+ Kh6 41. Rxa7 Rxb2 42. Rc7 c4 $2 (42... Ra2 $16 43. Rxc5 (43. a7 b4 $16) 43... Rxa6 44. Rxb5 Rc6) 43. a7 Ra2 44. h4 Ra4 (44... g5 $142 45. hxg5+ Kxg5 46. Rxh7 Kg6) 45. Kg2 (45. g4 $142 g5 46. h5) 45... Ra3 46. Kh3 (46. g4 $142 g5 47. h5 Ra5 48. Kf3 Ra3 49. Ke4 Ra2 50. Ke5 Re2+ 51. Kf6) 46... Ra2 47. Kg4 Ra3 48. Kf4 Ra2 49. g4 g5+ 50. hxg5+ (50. Kf5 $142 Rxf2+ 51. Ke6 Rf8 52. h5 b4 53. cxb4 c3 54. b5 c2 55. Rxc2 Rf6+ 56. Ke5) 50... Kg6 51. f3 {[%cal Bf2f3,Bf3f4][%mdl 32]} Ra3 52. Rb7 Ra5 53. Ke4 Ra3 54. f4 {Precision: White = 73%, Black = 40%.} 1-0

[Event "27th CRO-chT 1B-Men 2018"]
[Site "Biograd"]
[Date "2018.09.16"]
[Round "2.15"]
[White "Ivekovic, Zvonimir"]
[Black "Maier, Christian"]
[Result "1-0"]
[WhiteElo "2424"]
[BlackElo "2357"]
[Annotator "TA"]
[PlyCount "79"]
[EventDate "2018.09.15"]
[EventType "team-tourn"]
[EventCountry "CRO"]
[SourceTitle "playchess.com"]
[Source "ChessBase"]
[SourceQuality "1"]

{[%evp 11,79,42,36,-21,24,8,57,38,68,29,38,27,41,35,43,29,97,93,93,50,52,41,56,47,54,15,22,22,16,18,24,0,33,0,36,0,68,71,144,146,137,135,172,168,187,179,179,131,260,256,320,321,401,395,395,395,395,392,520,509,1141,1138,1817,1053,29982,29983,29986,29987,29987,29988]} 1. e4 e5 2. Nf3 Nc6 3. d4 exd4 4. Nxd4 d6 5. Nc3 Nf6 6. Be2 Be7 {LiveBook: 54 Partien} 7. g4 {C47: Schottisches Vierspringerspiel} (7. O-O $14) (7. O-O O-O 8. Be3 Re8 9. f4 Bd7 10. Bf3 Nxd4 11. Bxd4 Bc6 12. g4 h6 13. g5 hxg5 14. fxg5 Nd7 15. h4 Ne5 16. Bg2 Bf8 {1-0 (99) Sevian,S (2617)-Campora,D (2426) Lisbon 2018}) 7... h6 $146 ({Vorgänger:} 7... d5 8. Bb5 Bxg4 9. Nxc6 bxc6 10. Bxc6+ Kf8 11. f3 Nxe4 12. Nxe4 dxe4 13. Qxd8+ Rxd8 14. fxg4 {1-0 (14) Sarenac,D (2312)-Savic,D (2082) Belgrade 2016}) 8. Rg1 Nxd4 9. Qxd4 {Weiß steht etwas besser.} c6 10. Bf4 g5 11. Be3 Qa5 12. O-O-O Be6 13. Kb1 c5 {[#]} (13... O-O-O $11 {hält das Gleichgewicht.}) 14. Qd3 $1 $16 O-O-O 15. Nd5 Bxd5 16. exd5 Nd7 17. Bd2 Qc7 18. Bc3 Bf6 19. Bxf6 Nxf6 20. Qf5+ Nd7 21. h4 Rhg8 22. Rde1 Kb8 23. f4 {[%cal Rf4g5]} gxf4 (23... gxh4 $11 24. Qxf7 Rdf8) 24. Qxf4 $14 Ne5 (24... Rdf8 $142) 25. Qxh6 $16 Qe7 26. h5 Rg5 27. a3 Rdg8 {Die Idee ist ...f5.} 28. Rgf1 Qd8 29. Rf6 Kc7 (29... Rxg4 $16 {kämpft weiter.} 30. Rxd6 Qh4) 30. Ref1 $18 Qf8 31. Qh7 {[%cal Rf6f7] Droht stark Txf7+.} R8g7 {[#]} 32. Qe4 $1 ({Schwächer ist} 32. Qh6 Rg8 $18) 32... Nd7 {und wenn ...Te5 ginge, stände Schwarz gut.} 33. h6 {[%cal Bh5h6,Bh6g7][%mdl 32]} Nxf6 34. hxg7 Qd8 35. Qf4 Nxd5 (35... Rg6 $142 36. Bd3 Rxg7 37. Qxf6 Qxf6 38. Rxf6 Kd7 39. Bf5+ Ke7) 36. Qxf7+ Ne7 37. Bc4 {Te1 ist eine echte Drohung.} b5 38. Re1 {Weiß setzt Matt.} bxc4 39. Rxe7+ Kb6 40. Qf8 {Precision: Weiß = 37%, Schwarz = 26%.} 1-0

[Event "27th CRO-chT 1B-Men 2018"]
[Site "Biograd"]
[Date "2018.09.16"]
[Round "2.16"]
[White "Stocko, Josip"]
[Black "Mathe, Gaspar"]
[Result "1-0"]
[WhiteElo "2322"]
[BlackElo "2308"]
[Annotator "NA"]
[PlyCount "77"]
[EventDate "2018.09.15"]
[EventType "team-tourn"]
[EventCountry "CRO"]
[SourceTitle "playchess.com"]
[Source "ChessBase"]
[SourceQuality "1"]
[TimeControl "40/5400+30:1800+30"]

{[%evp 8,69,70,58,32767,32767,32767,32767,32767,32767,32767,32767,32767,32767,32767,32767,32767,41,52,55,54,55,69,21,28,8,32767,32767,32767,32767,32767,32767,180,197,32767,189,179,126,304,316,330,289,331,173,32767,534,540,691,32767,1263,32767,32767,32767,32767,32767,32767,1089,1224,1295,1266,1571,10929,3054,1106]} 1. e4 {[%emt 0:00:30]} e5 {[%emt 0:00:30]} 2. Nf3 {[%emt 0:00:00]} Nc6 {[%emt 0:00:30]} 3. Bc4 {[%emt 0:00:00]} Bc5 {[%emt 0:00:00]} 4. c3 {[%emt 0:00:00]} Qe7 {[%emt 0:01:00]} 5. O-O {[%emt 0:01:00] LiveBook: 116 Partien} d6 {[%emt 0:00:30]} 6. d3 {[%emt 0:02:30]} Nf6 {[%emt 0:00:30]} 7. Bb3 {[%emt 0:00:30]} O-O {[%emt 0:00:30]} 8. h3 {[%emt 0:01:30] C54: Giuoco Piano: 4 c3 Nf6, main lines with 5 d4 and 5 d3} (8. Re1 Bb6 9. h3 Nd8 10. d4 c6 11. Nbd2 Kh8 12. a4 Bc7 13. Bc2 g6 14. b3 Ne6 15. Nc4 Rd8 {1-0 (43) Delchev,A (2637)-Tonkov,B (2323) Sunny Beach 2013}) 8... h6 {[%emt 0:00:30]} 9. Re1 {[%emt 0:02:30]} Bb6 {[%emt 0:03:30]} 10. Nbd2 {[%emt 0:02:30]} Na5 {[%emt 0:01:30]} 11. Bc2 {[%emt 0:01:30]} c5 {[%emt 0:00:30]} 12. a3 $146 {[%emt 0:08:30]} ({Predecessor:} 12. Nf1 Nc6 13. Ng3 Be6 14. Nh4 Qd7 15. Qf3 Nh7 {1-0 (92) Vaibhav,S (2013)-Joglekar,A Mumbai 2008}) 12... Bc7 {[%emt 0:01:00]} 13. Nf1 {[%emt 0:08:30]} Nc6 {[%emt 0:03:30]} 14. Ne3 {[%emt 0:01:30]} Be6 {[%emt 0:03:30]} 15. d4 {[%emt 0:06:30]} cxd4 {[%emt 0:05:30]} 16. cxd4 {[%emt 0:00:30]} Bd7 {[%emt 0:31:00]} 17. Nd5 {[%emt 0:45:30]} Nxd5 {[%emt 0:01:30]} 18. exd5 {[%emt 0:00:30]} Nd8 {[%emt 0:00:00]} 19. dxe5 {[%emt 0:04:30]} dxe5 {[%emt 0:02:00] [#]} 20. Bf4 $1 {[%emt 0:03:30]} f6 {[%emt 0:02:30] [#]} 21. Nh4 $1 {[%emt 0:10:30]} Re8 {[%emt 0:02:30]} 22. Bg6 {[%emt 0:09:30]} (22. Qh5 $18) 22... Rf8 $2 {[%emt 0:02:30]} (22... Nf7 $16 23. Bd2 Rec8) 23. Qc2 {[%emt 0:00:30]} Be8 {[%emt 0:01:30]} 24. Rac1 {[%emt 0:00:30]} Bd6 {[%emt 0:04:30]} 25. Re3 {[%emt 0:04:22]} (25. Bxh6 $142 gxh6 26. Nf5) 25... Qd7 {[%emt 0:07:30] [#]} 26. Bxh6 $1 {[%emt 0:04:57]} Bxg6 {[%emt 0:57:00]} 27. Qxg6 {[%emt 0:02:28]} Rf7 {[%emt 1:07:30]} 28. Nf5 {[%emt 1:34:58]} Bf8 {[%emt 0:00:30]} 29. Rg3 {[%emt 0:00:30]} b5 {[%emt 0:00:30]} 30. h4 {[%emt 0:02:13]} Nb7 {[%emt 0:00:30]} 31. Bxg7 {[%emt 0:01:38]} Rxg7 {[%emt 0:01:30]} 32. Nxg7 {[%emt 0:00:38]} Bxg7 {[%emt 0:00:30]} 33. h5 {[%emt 0:01:25]} Nd6 {[%emt 0:01:30]} 34. h6 {[%emt 0:00:46]} Nf5 $18 {[%emt 0:00:30]} 35. Rh3 {[%emt 0:00:50]} Nd4 36. hxg7 {[%emt 1:43:55]} Ne2+ {[%emt 1:28:00]} 37. Kf1 {[%emt 0:00:27]} Qxh3 {[%emt 0:00:30]} 38. gxh3 {[%emt 0:00:11]} Nxc1 {[%emt 0:00:00]} 39. Qh6 {[%emt 0:00:15]} 1-0